Popularne marki samochodów - Statystyki

Ogólne statystyki
  • Ten quiz został rozwiązany 98 razy
  • Średni wynik to 28 z 53
Statystyki odpowiedzi
Hint Odpowiedź % Poprawnych
Niemcy Bmw
93%
Niemcy Audi
92%
Niemcy Mercedes
90%
Włochy Fiat
86%
Czechy Skoda
86%
Japonia Toyota
86%
Niemcy Opel
82%
Niemcy Volkswagen
82%
Stany Zjednoczone Ford
80%
Japonia Honda
79%
Francja Citroen
77%
Korea Południowa Hyundai
76%
Włochy Ferrari
75%
Francja Renault
75%
Francja Peugeot
73%
Hiszpania Seat
72%
Szwecja Volvo
72%
Korea Południowa Kia
70%
Stany Zjednoczone Chevrolet
66%
Rumunia Dacia
65%
Włochy Lamborghini
65%
Japonia Mazda
63%
Stany Zjednoczone Dodge
61%
Japonia Nissan
61%
Japonia Suzuki
61%
Japonia Subaru
55%
Japonia Mitsubishi
54%
Włochy Alfa Romeo
52%
Francja Bugatti
46%
Wielka Brytania Bentley
45%
Niemcy Porshe
45%
Wielka Brytania Land Rover
41%
Szwecja Saab
41%
Stany Zjednoczone Tesla
41%
Stany Zjednoczone Jeep
39%
Japonia Lexus
39%
Wielka Brytania Rolls-Royce
38%
Wielka Brytania Mini
37%
Włochy Maserati
34%
Korea Południowa Daewoo
30%
Włochy Lancia
27%
Wielka Brytania McLaren
25%
Stany Zjednoczone Chrysler
24%
Japonia Isuzu
24%
Stany Zjednoczone Cadillac
23%
Stany Zjednoczone GMC
21%
Japonia Infiniti
21%
Chiny BYD
18%
Stany Zjednoczone RAM
17%
Szwecja Koenigsegg
13%
Włochy Pagani
10%
Niemcy Smart
10%
Korea Południowa SsangYong
10%
Nie znaleziono quizów pasujących do podanych kryteriów
Rozkład punktacji
Procent ludzi z każdym wynikiem
Percentyl według liczby udzielonych odpowiedzi
Twoja historia wyników
Nie rozwiązałeś tego quizu